[Event "Pige-DM 2020 P13"]
[Site "Skanderborg"]
[Date "2020.01.17"]
[Round "1.4"]
[White "Nim, Klara Lund"]
[Black "Gaardland, Mille Ostoft"]
[Result "1/2-1/2"]
[WhiteElo "1000"]
[BlackElo "865"]
[PlyCount "66"]
[EventDate "2020.01.??"]
[EventType "swiss"]
[EventRounds "5"]
[EventCountry "DEN"]

1. e4 d5 2. exd5 Nf6 3. Bb5+ Bd7 4. Bc4 e6 5. Qe2 Qe7 6. Nc3 c6 7. dxe6 Bxe6 8.
d3 Bxc4 9. Qxe7+ Bxe7 10. dxc4 O-O 11. Nf3 Re8 12. O-O Nbd7 13. Re1 Bc5 14. Be3
Bxe3 15. fxe3 Ne4 16. Nxe4 Rxe4 17. b3 Rae8 18. Kf2 Nf6 19. Rad1 h6 20. h3 Nh5
21. g4 Nf6 22. Rd3 b5 23. cxb5 cxb5 24. Nd2 R4e6 25. e4 Nxe4+ 26. Nxe4 Rxe4 27.
Rde3 a5 28. Rxe4 Rd8 29. R4e2 a4 30. Re7 Rd2+ 31. Kf1 axb3 32. Re8+ Kh7 33.
axb3 Rxc2 1/2-1/2

[Event "Pige-DM 2020 P13"]
[Site "Skanderborg"]
[Date "2020.01.17"]
[Round "1.5"]
[White "Nielsen, Emma"]
[Black "Jensen, Naya Steensig"]
[Result "0-1"]
[WhiteElo "869"]
[BlackElo "1000"]
[PlyCount "84"]
[EventDate "2020.01.??"]
[EventType "swiss"]
[EventRounds "5"]
[EventCountry "DEN"]

1. e4 e5 2. Nf3 Nc6 3. Bc4 Nf6 4. Nc3 Bb4 5. h3 Bxc3 6. dxc3 Nxe4 7. Bb5 d6 8.
O-O Qf6 9. Bxc6+ bxc6 10. Qe2 Qg6 11. Nh4 Ng3 12. Qe1 Qe4 13. fxg3 Qxe1 14.
Rxe1 O-O 15. Nf3 f5 16. Bd2 e4 17. Nd4 c5 18. Nc6 Rf7 19. Na5 Ba6 20. Nb3 Raf8
21. Rad1 f4 22. gxf4 Bc4 23. Rxe4 Bxb3 24. cxb3 d5 25. Re5 Rd7 26. c4 c6 27.
Be3 h6 28. Bxc5 Rxf4 29. cxd5 a6 30. Re8+ Kf7 31. Ra8 Rf5 32. Rxa6 Rdxd5 33.
Rc1 Rxc5 34. Rxc5 Rxc5 35. Ra7+ Kf6 36. b4 Rc2 37. a4 Rxb2 38. Rb7 g5 39. a5
Kf5 40. a6 Kf4 41. a7 Kg3 42. a8=Q Rb1# 0-1

[Event "Pige-DM 2020 P13"]
[Site "Skanderborg"]
[Date "2020.01.17"]
[Round "1.6"]
[White "Bruntse, Kathrine Lindegaard"]
[Black "Nielsen, Maja Fredensborg"]
[Result "1-0"]
[WhiteElo "1018"]
[BlackElo "900"]
[PlyCount "83"]
[EventDate "2020.01.??"]
[EventType "swiss"]
[EventRounds "5"]
[EventCountry "DEN"]

1. e4 b6 2. Nf3 Bb7 3. Bd3 c5 4. Nc3 d6 5. b3 Nd7 6. O-O e5 7. Bb2 Qf6 8. Nd5
Qe6 9. Nc7+ Kd8 10. Nxe6+ Ke7 11. Nxf8 Kxf8 12. Qe2 Ngf6 13. h3 Bc6 14. a4 a5
15. Nh2 Re8 16. Ng4 Nxg4 17. Qxg4 h5 18. Qe2 Nf6 19. f3 Rh6 20. Bb5 Bd7 21.
Bxd7 Nxd7 22. Qb5 Nf6 23. Qxb6 Nd7 24. Qxa5 Re7 25. Qd8+ Re8 26. Qxd7 Rhe6 27.
a5 R6e7 28. Qb5 Ra8 29. c3 Ree8 30. d4 Reb8 31. Qc6 Rc8 32. Qxd6+ Ke8 33. Qxe5+
Kd7 34. Rfc1 Rg8 35. dxc5 f6 36. Rd1+ Kc8 37. Qe6+ Kc7 38. Qd6+ Kb7 39. Qb6+
Kc8 40. Qc6+ Kb8 41. Ra4 Rc8 42. Qb6# 1-0

[Event "Pige-DM 2020 P13"]
[Site "Skanderborg"]
[Date "2020.01.17"]
[Round "1.7"]
[White "Andersen, Emilie Frolund"]
[Black "Frolund, Liv"]
[Result "1/2-1/2"]
[WhiteElo "955"]
[BlackElo "1032"]
[PlyCount "123"]
[EventDate "2020.01.??"]
[EventType "swiss"]
[EventRounds "5"]
[EventCountry "DEN"]

1. e4 e5 2. Nf3 Nc6 3. Bb5 a6 4. Ba4 b5 5. Bb3 Bc5 6. c3 Nf6 7. d3 d5 8. h3
dxe4 9. dxe4 Qxd1+ 10. Bxd1 Nxe4 11. O-O O-O 12. Nbd2 Nxd2 13. Bxd2 e4 14. Ng5
Re8 15. Re1 f5 16. Bb3+ Kh8 17. Nf7+ Kg8 18. Bd5 Bd7 19. Nd6+ Kf8 20. Nxe8 Rxe8
21. b4 Be7 22. Bf4 Bxb4 23. cxb4 Nxb4 24. Bxc7 Nxd5 25. Bd6+ Kg8 26. Red1 Nc3
27. Rdc1 Ne2+ 28. Kh1 Nxc1 29. Rxc1 e3 30. fxe3 Rxe3 31. Rc7 Re1+ 32. Kh2 Be8
33. Bb4 Ra1 34. a3 a5 35. Bd6 f4 36. Rc8 Kf7 37. Rc7+ Ke6 38. Bf8 Bh5 39. Re7+
Kf6 40. Rxg7 Rxa3 41. Rxh7 Bg6 42. Be7+ Ke6 43. Rg7 Ra2 44. Rxg6+ Kxe7 45. Rg7+
Kf6 46. Rc7 Re2 47. h4 f3 48. Rc6+ Re6 49. Rc5 fxg2 50. Rxb5 Ra6 51. Kxg2 a4
52. h5 Kg7 53. Rb7+ Kh6 54. Rb5 a3 55. Rb1 Kxh5 56. Kf2 Kg4 57. Ke3 Kg3 58. Kd2
Kf3 59. Ra1 Ke4 60. Kc3 Rc6+ 61. Kb3 Kd3 62. Rxa3 1/2-1/2

[Event "Pige-DM 2020 P13"]
[Site "Skanderborg"]
[Date "2020.01.17"]
[Round "1.8"]
[White "Bruntse, Caroline Lindegaard"]
[Black "Szymanski, Selene Harder"]
[Result "1-0"]
[WhiteElo "1077"]
[BlackElo "1000"]
[PlyCount "127"]
[EventDate "2020.01.??"]
[EventType "swiss"]
[EventRounds "5"]
[EventCountry "DEN"]

1. d4 d5 2. c4 Nf6 3. g3 b6 4. Bg2 Bb7 5. Nf3 Nc6 6. O-O g6 7. Nc3 Bg7 8. Bg5
h6 9. Bf4 O-O 10. Qd2 Re8 11. Bxh6 Rb8 12. Bxg7 Kxg7 13. Ne5 Nxe5 14. dxe5 Ne4
15. Nxe4 dxe4 16. Qxd8 Rbxd8 17. Rad1 Rc8 18. Bh3 e6 19. b4 Rh8 20. Bg2 Rh7 21.
Rd4 c5 22. bxc5 bxc5 23. Rd7 Bc6 24. Rxa7 Rch8 25. h4 g5 26. Bh3 Kg6 27. Kg2
e3+ 28. Kg1 gxh4 29. g4 exf2+ 30. Rxf2 Rg8 31. Rf6+ Kg5 32. Raxf7 Rgg7 33.
Rxg7+ Rxg7 34. Rxe6 Bd7 35. Rf6 Bxg4 36. Bxg4 Kxg4 37. e6 Re7 38. a4 Kg3 39.
Rf3+ Kg4 40. Re3 Rb7 41. Kg2 Rg7 42. e7 Kf5+ 43. Kf2 Rxe7 44. Rxe7 h3 45. Kg3
h2 46. Kxh2 Kf6 47. Re3 Kf5 48. Kg3 Kf6 49. Kf4 Kf7 50. Re5 Kf6 51. Rxc5 Ke6
52. Rh5 Kd6 53. Re5 Kc6 54. Rd5 Kc7 55. Ke5 Kc6 56. Ke6 Kb7 57. Rc5 Kb6 58. Kd6
Kb7 59. a5 Ka6 60. Rb5 Ka7 61. Rb6 Ka8 62. Kc7 Ka7 63. e4 Ka8 64. Ra6# 1-0

[Event "Pige-DM 2020 P13"]
[Site "Skanderborg"]
[Date "2020.01.17"]
[Round "1.9"]
[White "Svavarsdottir, Regina Svala"]
[Black "Marzec, Zofia Izabella"]
[Result "1-0"]
[WhiteElo "1000"]
[BlackElo "1091"]
[PlyCount "65"]
[EventDate "2020.01.??"]
[EventType "swiss"]
[EventRounds "5"]
[EventCountry "DEN"]

1. e4 e5 2. Nf3 Nc6 3. Bc4 Nf6 4. d3 Bc5 5. O-O a6 6. c3 d6 7. Re1 Bg4 8. h3
Bxf3 9. Qxf3 O-O 10. Bg5 b5 11. Bd5 Qd7 12. Rd1 Nxd5 13. exd5 Ne7 14. d4 exd4
15. cxd4 Bb6 16. Qe4 Rfe8 17. Nc3 Ng6 18. Qf3 b4 19. Ne4 h6 20. Bf6 Rf8 21. Re1
c6 22. Rac1 cxd5 23. Ng3 Rac8 24. Nh5 Rxc1 25. Rxc1 Ne7 26. Bxg7 Re8 27. Nf6+
Kxg7 28. Nxd7 Bxd4 29. Rc2 Ng6 30. Rd2 a5 31. Rxd4 Re1+ 32. Kh2 a4 33. Rxb4 1-0

[Event "Pige-DM 2020 P13"]
[Site "Skanderborg"]
[Date "2020.01.17"]
[Round "1.10"]
[White "Gronhoj, Precious"]
[Black "Ramazani, Hadis"]
[Result "1-0"]
[WhiteElo "1105"]
[BlackElo "1000"]
[PlyCount "51"]
[EventDate "2020.01.??"]
[EventType "swiss"]
[EventRounds "5"]
[EventCountry "DEN"]

1. Nf3 e5 2. Nxe5 f6 3. Nf3 Bb4 4. c3 Bd6 5. d3 c6 6. Nbd2 Na6 7. d4 f5 8. Nc4
Be7 9. h3 Nf6 10. Bf4 d6 11. e3 Be6 12. Qd2 Bxc4 13. Bxc4 Nb8 14. d5 cxd5 15.
Bxd5 Nxd5 16. Qxd5 Nc6 17. O-O-O h6 18. g4 fxg4 19. hxg4 g5 20. Bxd6 Bxd6 21.
Qxd6 Qa5 22. Qe6+ Ne7 23. Ne5 b6 24. Ng6 Rh7 25. Rxh6 Rxh6 26. Qxe7# 1-0

[Event "Pige-DM 2020 P13"]
[Site "Skanderborg"]
[Date "2020.01.18"]
[Round "2.4"]
[White "Szymanski, Selene Harder"]
[Black "Nielsen, Emma"]
[Result "0-1"]
[WhiteElo "1000"]
[BlackElo "869"]
[PlyCount "62"]
[EventDate "2020.01.??"]
[EventType "swiss"]
[EventRounds "5"]
[EventCountry "DEN"]

1. c4 e5 2. g3 Nc6 3. Bg2 Bc5 4. e3 Nf6 5. Ne2 O-O 6. O-O a6 7. Nbc3 d6 8. d4
exd4 9. exd4 Ba7 10. Bd2 h6 11. Qc2 Bd7 12. Rac1 Rb8 13. a4 Nxd4 14. Qd3 Nb3
15. Rcd1 Nc5 16. b4 Nxd3 17. b5 axb5 18. cxb5 Nb2 19. Rb1 Nc4 20. Rfd1 Na3 21.
Rb2 Nc4 22. Rb3 Qe7 23. a5 Nxa5 24. Ra3 Bb6 25. Nf4 c6 26. Ncd5 cxd5 27. Nxd5
Nxd5 28. Bxa5 Rbc8 29. h4 Bxb5 30. Bxd5 Qe2 31. Re1 Qxf2+ 0-1

[Event "Pige-DM 2020 P13"]
[Site "Skanderborg"]
[Date "2020.01.18"]
[Round "2.5"]
[White "Ramazani, Hadis"]
[Black "Nielsen, Maja Fredensborg"]
[Result "0-1"]
[WhiteElo "1000"]
[BlackElo "900"]
[PlyCount "24"]
[EventDate "2020.01.??"]
[EventType "swiss"]
[EventRounds "5"]
[EventCountry "DEN"]

1. d4 b5 2. Nc3 Bb7 3. Nxb5 a6 4. Nc3 d6 5. Nf3 Nf6 6. Qd3 Nbd7 7. Bd2 Qb8 8.
O-O-O Qa7 9. h3 Rb8 10. e3 Bc6 11. Rh2 Qb7 12. g3 Qxb2# 0-1

[Event "Pige-DM 2020 P13"]
[Site "Skanderborg"]
[Date "2020.01.18"]
[Round "2.6"]
[White "Gaardland, Mille Ostoft"]
[Black "Andersen, Emilie Frolund"]
[Result "1-0"]
[WhiteElo "865"]
[BlackElo "955"]
[PlyCount "67"]
[EventDate "2020.01.??"]
[EventType "swiss"]
[EventRounds "5"]
[EventCountry "DEN"]

1. d4 d6 2. Bf4 Nf6 3. Nf3 g6 4. e3 Bg7 5. Be2 Bg4 6. h3 Bf5 7. c3 O-O 8. Nbd2
c5 9. O-O cxd4 10. cxd4 Nc6 11. Rc1 Nb4 12. Qb3 a5 13. a3 Na6 14. Qxb7 Qb8 15.
Bxa6 Qxb7 16. Bxb7 Rab8 17. Ba6 Rxb2 18. Nc4 Ra2 19. Ra1 Rxa1 20. Rxa1 Bd3 21.
Rd1 Be2 22. Rd2 Ra8 23. Bb7 Rb8 24. Rxe2 Rxb7 25. Nxa5 Rb1+ 26. Kh2 Ra1 27. Nc4
Ne4 28. Nfd2 Nc3 29. Nb3 Rf1 30. Rc2 Ne4 31. Nb6 e5 32. Rc8+ Bf8 33. Bh6 f6 34.
Rxf8# 1-0

[Event "Pige-DM 2020 P13"]
[Site "Skanderborg"]
[Date "2020.01.18"]
[Round "2.7"]
[White "Marzec, Zofia Izabella"]
[Black "Nim, Klara Lund"]
[Result "1-0"]
[WhiteElo "1091"]
[BlackElo "1000"]
[PlyCount "115"]
[EventDate "2020.01.??"]
[EventType "swiss"]
[EventRounds "5"]
[EventCountry "DEN"]

1. e4 c5 2. Nc3 Nc6 3. Nf3 Nf6 4. Bb5 a6 5. Bxc6 bxc6 6. d3 g6 7. O-O Bg7 8.
Re1 O-O 9. Bf4 d6 10. Qd2 Nd7 11. h3 e5 12. Bg5 f6 13. Bh4 Rf7 14. a3 Qf8 15.
b4 Bh6 16. Qe2 g5 17. Bg3 cxb4 18. axb4 Rb8 19. Rab1 d5 20. exd5 cxd5 21. Nxd5
Nb6 22. Nxb6 Rxb6 23. Qe3 Rxb4 24. Rxb4 Qxb4 25. c4 Qf8 26. Rb1 g4 27. Qe4 gxf3
28. Qxf3 f5 29. Bxe5 Re7 30. Qg3+ Bg7 31. Bd4 f4 32. Bxg7 Rxg7 33. Qf3 Bb7 34.
Rxb7 Rg6 35. Qd5+ Kh8 36. Rd7 h6 37. Rd8 Qg8 38. Rxg8+ Rxg8 39. Qe5+ Kh7 40.
Qxf4 a5 41. Qd6 Ra8 42. Qc6 Ra7 43. Qa4 Kh8 44. Kf1 Kh7 45. Ke2 Re7+ 46. Kd2
Ra7 47. Kc3 Rf7 48. Qxa5 Rxf2 49. Qa6 Rxg2 50. Qf6 Rg6 51. Qe7+ Rg7 52. Qe4+
Kh8 53. Qe5 Kh7 54. h4 Rg4 55. Qf5+ Rg6 56. h5 Kg8 57. hxg6 Kh8 58. Qf8# 1-0

[Event "Pige-DM 2020 P13"]
[Site "Skanderborg"]
[Date "2020.01.18"]
[Round "2.8"]
[White "Frolund, Liv"]
[Black "Svavarsdottir, Regina Svala"]
[Result "1-0"]
[WhiteElo "1032"]
[BlackElo "1000"]
[PlyCount "33"]
[EventDate "2020.01.??"]
[EventType "swiss"]
[EventRounds "5"]
[EventCountry "DEN"]

1. e4 c5 2. Nf3 d6 3. Bc4 e6 4. Nc3 Nf6 5. O-O g6 6. d3 Bg7 7. Bg5 O-O 8. h3
Nc6 9. Re1 e5 10. Nd5 Be6 11. Nxf6+ Bxf6 12. Bh6 Bg7 13. Qd2 Bxc4 14. dxc4 Bxh6
15. Qxh6 Nb4 16. Ng5 Nxc2 17. Qxh7# 1-0

[Event "Pige-DM 2020 P13"]
[Site "Skanderborg"]
[Date "2020.01.18"]
[Round "2.9"]
[White "Bruntse, Kathrine Lindegaard"]
[Black "Gronhoj, Precious"]
[Result "0-1"]
[WhiteElo "1018"]
[BlackElo "1105"]
[PlyCount "91"]
[EventDate "2020.01.??"]
[EventType "swiss"]
[EventRounds "5"]
[EventCountry "DEN"]

1. e4 e5 2. Nf3 d6 3. Bc4 Nf6 4. d3 Nc6 5. Ng5 d5 6. exd5 Nxd5 7. h3 Be7 8. Nf3
O-O 9. O-O Bf5 10. Re1 Bf6 11. Nbd2 Bg5 12. Ne4 Bf6 13. Bg5 Bxg5 14. Nfxg5 Bxe4
15. Nxe4 Nf4 16. Qf3 Nd4 17. Qd1 Qh4 18. Re3 b5 19. Bb3 a5 20. c3 a4 21. Bc2
Nxc2 22. Qxc2 Rfc8 23. Rg3 Qh5 24. Re1 c5 25. Qd1 Qxd1 26. Rxd1 Ne2+ 27. Kh2
Nxg3 28. Kxg3 c4 29. d4 exd4 30. cxd4 a3 31. bxa3 Rxa3+ 32. Kh2 c3 33. Ng3 c2
34. Rc1 Rxa2 35. Ne2 b4 36. Re1 b3 37. Nc1 b2 38. d5 b1=Q 39. d6 Qb4 40. d7
Qd6+ 41. g3 Qxd7 42. Nxa2 Qa4 43. Nc1 h6 44. Kg2 Rd8 45. Re3 Rd1 46. Ne2 0-1

[Event "Pige-DM 2020 P13"]
[Site "Skanderborg"]
[Date "2020.01.18"]
[Round "2.10"]
[White "Jensen, Naya Steensig"]
[Black "Bruntse, Caroline Lindegaard"]
[Result "1/2-1/2"]
[WhiteElo "1000"]
[BlackElo "1077"]
[PlyCount "94"]
[EventDate "2020.01.??"]
[EventType "swiss"]
[EventRounds "5"]
[EventCountry "DEN"]

1. e4 c5 2. Nf3 d6 3. d4 cxd4 4. Nxd4 Nf6 5. Nc3 g6 6. Bd3 Bg7 7. Be3 O-O 8.
Nd5 Nc6 9. Nxf6+ Bxf6 10. Nxc6 bxc6 11. O-O Bxb2 12. Bh6 Bg7 13. Bxg7 Kxg7 14.
Bc4 Qd7 15. Qf3 Qg4 16. Qxg4 Bxg4 17. Rfe1 Rad8 18. f3 d5 19. fxg4 dxc4 20.
Rad1 e5 21. Rxd8 Rxd8 22. Re3 Rd2 23. Rc3 Rd4 24. Re3 Rd2 25. Rc3 Rd1+ 26. Kf2
Ra1 27. Rxc4 Rxa2 28. Rxc6 Ra4 29. c4 a5 30. Ke3 Ra1 31. Ra6 Rc1 32. Rxa5 Rxc4
33. Rxe5 Kf6 34. Kf4 Rc2 35. g5+ Kg7 36. Kg3 h6 37. h4 Rc3+ 38. Kf4 h5 39. g3
Rc1 40. Re8 Rf1+ 41. Ke3 Ra1 42. e5 Ra3+ 43. Kf4 Ra4+ 44. Ke3 Ra3+ 45. Kf4 Ra4+
46. Kf3 Ra3+ 47. Ke4 Ra4+ 1/2-1/2

[Event "Pige-DM 2020 P13"]
[Site "Skanderborg"]
[Date "2020.01.18"]
[Round "3.4"]
[White "Szymanski, Selene Harder"]
[Black "Ramazani, Hadis"]
[Result "1-0"]
[WhiteElo "1000"]
[BlackElo "1000"]
[PlyCount "85"]
[EventDate "2020.01.??"]
[EventType "swiss"]
[EventRounds "5"]
[EventCountry "DEN"]

1. c4 d6 2. g3 Nf6 3. Bg2 Nc6 4. Nc3 e5 5. Nf3 Bg4 6. b4 Nxb4 7. d3 Nd7 8. O-O
Be7 9. e4 O-O 10. h3 Bxf3 11. Bxf3 c5 12. a3 b6 13. axb4 cxb4 14. Ne2 Nc5 15.
Be3 Ne6 16. d4 exd4 17. Nxd4 Nc5 18. Nb5 a6 19. e5 dxe5 20. Qxd8 Raxd8 21. Bxc5
bxc5 22. Nc7 Rc8 23. Nxa6 Rb8 24. Nxb8 Rxb8 25. Ra2 Rf8 26. Rfa1 Bf6 27. Ra8
Bd8 28. R1a7 h6 29. Rd7 Bb6 30. Be4 g6 31. g4 h5 32. g5 b3 33. f3 b2 34. Kf2 h4
35. Ke3 Kh8 36. Rxf8+ Kg7 37. Ra8 Ba5 38. f4 Bb4 39. fxe5 Bc3 40. e6 Kh7 41.
exf7 Bg7 42. f8=Q b1=Q 43. Qxg7# 1-0

[Event "Pige-DM 2020 P13"]
[Site "Skanderborg"]
[Date "2020.01.18"]
[Round "3.5"]
[White "Nim, Klara Lund"]
[Black "Andersen, Emilie Frolund"]
[Result "1-0"]
[WhiteElo "1000"]
[BlackElo "955"]
[PlyCount "73"]
[EventDate "2020.01.??"]
[EventType "swiss"]
[EventRounds "5"]
[EventCountry "DEN"]

1. e4 c5 2. Nf3 d6 3. Bb5+ Nc6 4. d3 Nf6 5. c3 g6 6. O-O a6 7. Ba4 Bg7 8. Nbd2
O-O 9. Re1 b5 10. Bb3 Bb7 11. Nf1 a5 12. Ng3 e6 13. h3 a4 14. Bc2 d5 15. e5 Nd7
16. Bg5 Ne7 17. d4 c4 18. Qd2 Qc8 19. Bxe7 Re8 20. Qg5 h6 21. Qh4 Bc6 22. Bf6
Nxf6 23. exf6 Bf8 24. Ne5 a3 25. Nxc6 axb2 26. Ne7+ Bxe7 27. Rab1 Ba3 28. Qxh6
Bf8 29. Qh4 Rxa2 30. Qg4 Qd8 31. Nh5 Kh7 32. Nf4 Qxf6 33. h4 Rea8 34. h5 Ra1
35. hxg6+ Kh6 36. Qh5+ Kg7 37. Qh7# 1-0

[Event "Pige-DM 2020 P13"]
[Site "Skanderborg"]
[Date "2020.01.18"]
[Round "3.6"]
[White "Nielsen, Maja Fredensborg"]
[Black "Marzec, Zofia Izabella"]
[Result "0-1"]
[WhiteElo "900"]
[BlackElo "1091"]
[PlyCount "62"]
[EventDate "2020.01.??"]
[EventType "swiss"]
[EventRounds "5"]
[EventCountry "DEN"]

1. d4 d5 2. Nf3 Nf6 3. Bf4 Nc6 4. g3 Bg4 5. Nfd2 e6 6. f3 Bf5 7. Bg2 Be7 8. O-O
O-O 9. g4 Bg6 10. e4 h6 11. exd5 exd5 12. Qe1 Re8 13. Qe3 Bd6 14. Qb3 Bxf4 15.
Qxb7 Bxd2 16. Nxd2 Nxd4 17. c3 Nc2 18. Rac1 Ne3 19. Rf2 Nxg2 20. Rxg2 d4 21.
Qb4 dxc3 22. Rxc3 Rb8 23. Qc5 Re1+ 24. Nf1 Qd1 25. Qf2 Rxb2 26. Qxe1 Rxg2+ 27.
Kxg2 Qxe1 28. Rxc7 Qa5 29. Rc8+ Kh7 30. Rc2 Bxc2 31. Nd2 Qxd2+ 0-1

[Event "Pige-DM 2020 P13"]
[Site "Skanderborg"]
[Date "2020.01.18"]
[Round "3.7"]
[White "Nielsen, Emma"]
[Black "Bruntse, Kathrine Lindegaard"]
[Result "0-1"]
[WhiteElo "869"]
[BlackElo "1018"]
[PlyCount "76"]
[EventDate "2020.01.??"]
[EventType "swiss"]
[EventRounds "5"]
[EventCountry "DEN"]

1. e4 c5 2. Nf3 d6 3. d4 cxd4 4. Nxd4 Nf6 5. Nc3 g6 6. Be2 Bg7 7. O-O O-O 8.
Be3 Nc6 9. Nxc6 bxc6 10. Qd2 a5 11. h3 d5 12. exd5 Nxd5 13. Nxd5 Qxd5 14. Qxd5
cxd5 15. Rab1 Ba6 16. Bxa6 Rxa6 17. Bc5 Re8 18. b3 Rc6 19. Be3 Rxc2 20. Ra1
Bxa1 21. Rxa1 Rec8 22. Rd1 e6 23. a4 R8c3 24. Bh6 f6 25. Re1 e5 26. Rd1 d4 27.
Bd2 Rd3 28. b4 Rcxd2 29. Rxd2 Rxd2 30. bxa5 Ra2 31. a6 Rxa4 32. g3 d3 33. Kf1
Ra1+ 34. Kg2 d2 35. a7 d1=Q 36. a8=Q+ Rxa8 37. h4 f5 38. Kh3 Qh1# 0-1

[Event "Pige-DM 2020 P13"]
[Site "Skanderborg"]
[Date "2020.01.18"]
[Round "3.8"]
[White "Svavarsdottir, Regina Svala"]
[Black "Gaardland, Mille Ostoft"]
[Result "1-0"]
[WhiteElo "1000"]
[BlackElo "865"]
[PlyCount "45"]
[EventDate "2020.01.??"]
[EventType "swiss"]
[EventRounds "5"]
[EventCountry "DEN"]

1. e4 d5 2. exd5 Nf6 3. Bb5+ Bd7 4. Bc4 c6 5. dxc6 Nxc6 6. Nf3 e6 7. O-O Bc5 8.
h3 O-O 9. d3 Qc7 10. d4 Nxd4 11. Nxd4 e5 12. Nf3 Rad8 13. Qe1 Rfe8 14. Bg5 Qd6
15. Qd1 Bc6 16. Qxd6 Rxd6 17. Nc3 Bxf3 18. gxf3 Nd5 19. Bxd5 Rxd5 20. Nxd5 Rc8
21. Be7 Bxe7 22. Nxe7+ Kf8 23. Nxc8 1-0

[Event "Pige-DM 2020 P13"]
[Site "Skanderborg"]
[Date "2020.01.18"]
[Round "3.9"]
[White "Gronhoj, Precious"]
[Black "Jensen, Naya Steensig"]
[Result "1-0"]
[WhiteElo "1105"]
[BlackElo "1000"]
[PlyCount "95"]
[EventDate "2020.01.??"]
[EventType "swiss"]
[EventRounds "5"]
[EventCountry "DEN"]

1. Nf3 d5 2. d4 Nf6 3. Nc3 Nc6 4. e3 Bf5 5. a3 e6 6. Bd3 Ne4 7. O-O Nf6 8. Qe2
Bxd3 9. Qxd3 Ng4 10. e4 f5 11. e5 Qe7 12. Bg5 Qf7 13. Qb5 Be7 14. Qxb7 Kd7 15.
h3 h5 16. Na2 Bxg5 17. Nxg5 Qg6 18. Nf3 Rab8 19. Qa6 f4 20. Nb4 Nxb4 21. axb4
Ra8 22. Qb5+ Kd8 23. Qc6 Ke7 24. Qxc7+ Kf8 25. Qd6+ Kg8 26. Nh4 Qf7 27. b5 Kh7
28. hxg4 hxg4 29. Ra6 Qh5 30. g3 fxg3 31. fxg3 g5 32. Ng2 Qe8 33. Qc6 Qxc6 34.
bxc6 Rhc8 35. Ne3 Rab8 36. Rxa7+ Kg6 37. Rf6+ Kh5 38. Rxe6 Rh8 39. Nf5 Rbg8 40.
Ng7+ Rxg7 41. Rxg7 Rh6 42. Rxh6+ Kxh6 43. Rg8 Kh5 44. c7 Kh6 45. c8=Q Kh5 46.
Qd7 Kh6 47. Qe7 Kh5 48. Qh7# 1-0

[Event "Pige-DM 2020 P13"]
[Site "Skanderborg"]
[Date "2020.01.18"]
[Round "3.10"]
[White "Bruntse, Caroline Lindegaard"]
[Black "Frolund, Liv"]
[Result "1-0"]
[WhiteElo "1077"]
[BlackElo "1032"]
[PlyCount "113"]
[EventDate "2020.01.??"]
[EventType "swiss"]
[EventRounds "5"]
[EventCountry "DEN"]

1. d4 d5 2. c4 Nf6 3. Nc3 Bf5 4. g3 Nc6 5. Bg2 dxc4 6. Nf3 e6 7. Bg5 h6 8. Bf4
Bb4 9. a3 Ba5 10. Ne5 Nxd4 11. Bxb7 Nc2+ 12. Kf1 Bh3+ 13. Kg1 Nxa1 14. Qxd8+
Rxd8 15. Bg2 Bxc3 16. Bxh3 Rd1+ 17. Kg2 Rxh1 18. Kxh1 Bxb2 19. Nxc4 Bd4 20. Kg2
Ne4 21. e3 Bc5 22. Be5 Nc2 23. Bxg7 Rh7 24. Be5 Nxa3 25. Nxa3 Bxa3 26. Bxc7 f5
27. Be5 Bd6 28. Bd4 e5 29. Ba1 f4 30. Bf5 Rg7 31. Bxe4 h5 32. Kf3 fxe3 33. Kxe3
Bc5+ 34. Ke2 Rg5 35. h4 Rg4 36. Bf3 Ra4 37. Bc6+ Ke7 38. Bxa4 Ke6 39. f4 e4 40.
Bd1 Kf5 41. Kd2 Bb4+ 42. Bc3 e3+ 43. Kd3 Bxc3 44. Kxc3 Ke4 45. Bxh5 a5 46. Kb3
Kd3 47. f5 e2 48. Bxe2+ Kxe2 49. f6 Kf3 50. f7 Kxg3 51. f8=Q Kxh4 52. Qg8 Kh3
53. Kc3 a4 54. Kd3 a3 55. Ke3 a2 56. Qxa2 Kg4 57. Qf2 1-0

[Event "Pige-DM 2020 P13"]
[Site "Skanderborg"]
[Date "2020.01.19"]
[Round "4.4"]
[White "Bruntse, Caroline Lindegaard"]
[Black "Gronhoj, Precious"]
[Result "1-0"]
[WhiteElo "1077"]
[BlackElo "1105"]
[PlyCount "83"]
[EventDate "2020.01.??"]
[EventType "swiss"]
[EventRounds "5"]
[EventCountry "DEN"]

1. d4 d5 2. c4 Nf6 3. Nf3 Nc6 4. g3 b6 5. Bg2 Ba6 6. cxd5 Nxd5 7. Nc3 e6 8. O-O
Be7 9. e4 Ndb4 10. Re1 O-O 11. Bf4 Nd3 12. Re3 Nxf4 13. gxf4 f6 14. d5 Nb4 15.
a3 Bc4 16. axb4 Bxb4 17. b3 Bb5 18. Nxb5 Qd7 19. Na3 exd5 20. Qxd5+ Qxd5 21.
exd5 Rad8 22. Nc2 Bc5 23. Rd3 Rfe8 24. b4 Bd6 25. Rxa7 Bxf4 26. Ncd4 Rxd5 27.
Raa3 g5 28. Nc2 Rb5 29. Nfe1 Rbe5 30. Nf3 Re2 31. Ncd4 Rb2 32. Rab3 Ra2 33. Rb1
c5 34. Ne1 cxd4 35. Bd5+ Kg7 36. Bxa2 Re2 37. Bc4 Re4 38. Rh3 Bd6 39. Ra1 f5
40. Ra7+ Kf6 41. Rh6+ Ke5 42. Nd3# 1-0

[Event "Pige-DM 2020 P13"]
[Site "Skanderborg"]
[Date "2020.01.19"]
[Round "4.5"]
[White "Marzec, Zofia Izabella"]
[Black "Bruntse, Kathrine Lindegaard"]
[Result "0-1"]
[WhiteElo "1091"]
[BlackElo "1018"]
[PlyCount "112"]
[EventDate "2020.01.??"]
[EventType "swiss"]
[EventRounds "5"]
[EventCountry "DEN"]

1. e4 c5 2. Nc3 d6 3. Bb5+ Nd7 4. Nf3 a6 5. Bxd7+ Bxd7 6. d3 Nf6 7. Bf4 g6 8.
O-O Bg7 9. Re1 O-O 10. Bg5 h6 11. Bxf6 Bxf6 12. Qd2 Bg7 13. a3 a5 14. e5 Re8
15. exd6 exd6 16. Rxe8+ Qxe8 17. Nd5 Qd8 18. Re1 Be6 19. Nf4 Bd7 20. c3 b5 21.
b4 axb4 22. axb4 cxb4 23. cxb4 Ra6 24. d4 Qa8 25. h3 Ra1 26. Qc3 Rxe1+ 27. Qxe1
Qe8 28. Qxe8+ Bxe8 29. d5 Bd7 30. g4 g5 31. Ne2 Bc8 32. Nfd4 Bxd4 33. Nxd4 Bd7
34. Kg2 Kf8 35. Nf5 Bxf5 36. gxf5 Ke7 37. Kf3 h5 38. h4 gxh4 39. Kg2 Kf6 40.
Kh3 Kxf5 41. Kxh4 Kg6 42. f3 f6 43. Kh3 Kg5 44. f4+ Kxf4 45. Kh4 Ke4 46. Kxh5
Kxd5 47. Kg6 Ke5 48. Kf7 f5 49. Kg6 f4 50. Kg5 f3 51. Kh6 f2 52. Kg7 f1=Q 53.
Kg6 Qf6+ 54. Kh5 Qg7 55. Kh4 Kf4 56. Kh3 Qg3# 0-1

[Event "Pige-DM 2020 P13"]
[Site "Skanderborg"]
[Date "2020.01.19"]
[Round "4.6"]
[White "Jensen, Naya Steensig"]
[Black "Svavarsdottir, Regina Svala"]
[Result "1-0"]
[WhiteElo "1000"]
[BlackElo "1000"]
[PlyCount "111"]
[EventDate "2020.01.??"]
[EventType "swiss"]
[EventRounds "5"]
[EventCountry "DEN"]

1. e4 c5 2. Nf3 d6 3. Nc3 Nf6 4. d4 cxd4 5. Nxd4 g6 6. Nf3 Bg7 7. e5 Ng4 8.
exd6 exd6 9. g3 O-O 10. Bf4 Re8+ 11. Be2 Re6 12. Nd4 Bxd4 13. Qxd4 a5 14. O-O-O
Rf6 15. Bg5 Nc6 16. Bxf6 Nxf6 17. Qxd6 Qxd6 18. Rxd6 Kg7 19. Bb5 Ne5 20. f4 Nf3
21. Be2 Nxh2 22. Rxh2 Bg4 23. Bxg4 Nxg4 24. Rh4 Ne3 25. g4 h6 26. Rh2 Nxg4 27.
Rhd2 Ne3 28. Rd8 Ra6 29. Nd5 Nc4 30. Rd4 Nd6 31. Nc7 Rc6 32. Ne8+ Nxe8 33. Rxe8
h5 34. b4 axb4 35. Rxb4 h4 36. Rxb7 h3 37. Re1 Rc4 38. Rh1 Rc3 39. Rb3 Rc4 40.
Rf3 f6 41. Rhxh3 Re4 42. f5 g5 43. Ra3 Re1+ 44. Kb2 Re7 45. c4 g4 46. Rhg3 Re5
47. Rxg4+ Kf7 48. Ra7+ Kf8 49. Rg6 Rxf5 50. Rh6 Kg8 51. Rhh7 Rf2+ 52. Kb3 Rf3+
53. Kb4 Rf5 54. Rhb7 Re5 55. Rb8+ Re8 56. Rxe8# 1-0

[Event "Pige-DM 2020 P13"]
[Site "Skanderborg"]
[Date "2020.01.19"]
[Round "4.8"]
[White "Gaardland, Mille Ostoft"]
[Black "Szymanski, Selene Harder"]
[Result "1/2-1/2"]
[WhiteElo "865"]
[BlackElo "1000"]
[PlyCount "55"]
[EventDate "2020.01.??"]
[EventType "swiss"]
[EventRounds "5"]
[EventCountry "DEN"]

1. d4 Nf6 2. Bf4 d5 3. Nf3 Bf5 4. e3 e6 5. Bd3 Bxd3 6. Qxd3 Bd6 7. Bg3 O-O 8.
Nbd2 Nc6 9. c3 Ne7 10. Ne5 Nf5 11. Bf4 c5 12. Ndf3 a6 13. O-O b5 14. b4 c4 15.
Qc2 a5 16. a3 Qc7 17. a4 Ra7 18. bxa5 bxa4 19. Qxa4 Rfa8 20. Nc6 Ra6 21. Qb5
Qxc6 22. Qxc6 Rxc6 23. Bxd6 Nxd6 24. Rfb1 Rca6 25. Ne5 Rxa5 26. Rxa5 Rxa5 27.
Rb8+ Nfe8 28. h3 1/2-1/2